000 nam a22 7a 4500
999 _c129277
_d129277
008 190328b xxu||||| |||| 00| 0 eng d
050 _aHQ767.9.947 1946
100 _aGesell, Arnold, M.D.
_945455
245 _aThe child from five to ten
_c/ by Arnold Gesell, M.D. and Frances L. ILG, M.D.
250 _a2nd. ed.
260 _aNew York:
_bHapper and Brothers,
_c1946
300 _axii, 475p. ;
_c25cm.
650 _aChild development
_945456
700 _aILG, Frances L., M.D.
_945457
942 _2lcc
_cMONOGRAPH